000 00206 a2200097 4500
110 _aGeospatial World Forum
245 _aCadastre Catalyst to Growth
260 _c2011
490 _avol.2
942 _cPERIODICAL
999 _c2672
_d2672